Diseases of reptiles Part II. Infectious diseases (Registro nro. 10201)

Detalles MARC
000 -CABECERA
Campo de control 004200000a22001450004500
090 ## - CLASIFICACIÓN LOCAL
Colección AR
Consecutivo 01115
041 0# - IDIOMA
Código de idioma para texto/pista de sonido o título separado
100 1# - ASIENTO PRINCIPAL--NOMBRE PERSONAL
Nombre personal Jacobson, Elliiot R.
245 10 - MENCION DE TITULO
Título Diseases of reptiles Part II. Infectious diseases
650 14 - ASIENTO SECUNDARIO DE MATERIA - TERMINO TEMATICO
Término temático o nombre geográfico como elemento de entrada Enfermedades animales
650 14 - ASIENTO SECUNDARIO DE MATERIA - TERMINO TEMATICO
Término temático o nombre geográfico como elemento de entrada Veterinaria
650 14 - ASIENTO SECUNDARIO DE MATERIA - TERMINO TEMATICO
Término temático o nombre geográfico como elemento de entrada Infecciones
773 1# - Item fuente:
Título Compendium Collection
Especificación de materiales 409
Descripción física 3
Paginas del Articulo 130-134
Lugar, editorial y fecha de publicación 1980?
Información sobre la relación 3
942 ## - ELEMENTOS ADICIONALES (KOHA)
Tipo de ítem Artículo
Existencias
Withdrawn status Lost status Damaged status No para préstamo Colección Ubicación Permanente Ubicación actual Fecha de adquisición Fuente de Valor Datos de publicación Seriada Total Checkouts Número topográfico Inventario / Código de Barras Date last seen Ejemplar Price effective from Forma de adquisición Tipo de material
      No para Préstamo Hemeroteca Bogotá Bogotá 27/02/2015 Muñoz Saba, Yaneth Fuera de circulación   AR 01115 011433 25/03/2015 1 25/03/2015   Artículo